000 00619nam a2200265Ia 4500
005 20260306152939.0
008 008 260114s9999 xx 000 0 eng d
020 _a9781787440517
037 _aEBOOK
040 _aCRL
040 _beng
040 _cCRL
041 _2eng
041 _aeng
084 _qCRL
100 _aAdebanwi
245 4 _aThe Political Economy of Everyday Life in Africa
250 _a1st ed
260 _bBoydell & Brewer
260 _c2018
650 _aAfrican Studies
856 _uhttps://doi.org/10.1017/9781787440517
942 _cEBOOK
999 _c1701591
_d1701591